00482nam a2200109Ia 4500008004100000050002200041100002100063245017000084260008600254300002000340521001200360140724s9999 xx 000 0 und d aRT 75b.C112 2011 aCabansag, Shane. 4aThe relationship between the learning styles of 4th yr AY 2010-2011 of Southville International School and Colleges and their Academic performance /cShane Cabansag. aLas Piñas, Philippines :bSouthville International School and Colleges,cc2011. a44 p. :c28 cm. aNursing